000
00263nam a22001097a 4500
082
_a
808 WAT'N
100
_a
WATT, HONMER ANDREW
_9
57919
245
_a
NEW HIGHWAYS IN COLLEGE COMPOSITION
260
_a
NEWYORK
_b
PRENTICE HALL
_c
1946
300
_a
926P
942
_c
BK
999
_c
568159
_d
568159